| 000 | 01106cam a2200241 a 4500 | ||
|---|---|---|---|
| 001 | 78675 | ||
| 003 | BD-RjUL | ||
| 005 | 20211209083147.0 | ||
| 008 | 211101s1985 ua b f000 0 araod | ||
| 035 | _a(BD-RjUL)78901 | ||
| 040 |
_aPAU _beng _cPAU _dUUM _dDLC _dCUY _dUkOxU |
||
| 041 | _aara | ||
| 082 |
_223 _a892.709 _bMAB 1985 |
||
| 100 | 1 |
_aمالطي -دوجلاس، فدوى. ;; Malti-Douglas, Fedwa. _9249496 |
|
| 245 | 1 | 0 |
_aبناء النص التراثي : ;; Bināʼ al-naṣṣ al-turāthī : _bدراسات في الأدب والتراجم ;; dirāsāt fī al-adab wa-al-tarajim / _cفدوى مالطي -دوجلاس. ;; Fadwá Mālṭī-Dūjlās. |
| 260 |
_a[Cairo] :القاهرة] : _bالهيئة المصرية العامة للكتاب، ;; al-Hayʼah al-Miṣrīyah al-ʻĀmmah lil-Kitāb, _c1985. |
||
| 300 |
_a222 p. ; _c24 cm. |
||
| 490 | 1 | _a دراسات أدبية ;; Dirāsāt adabīyah | |
| 504 | _aBibliography: p. 207-222. | ||
| 650 | 0 |
_aArabic literature _xHistory and criticism. _9249497 |
|
| 830 | 0 |
_aدراسات أدبية.;; Dirāsāt adabīyah _9249498 |
|
| 942 |
_2ddc _cBK |
||
| 999 |
_c78675 _d78675 |
||